Southville International School and Colleges
Your cart is empty.
  • Cart
  • Lists
    Public lists Eva Luna New books Lux_list list_1
    Your lists Log in to create your own lists
  • Log in to your account
  • Your cookies
  • Search history
Southville International School and Colleges
  • Advanced search
  • Recent comments
  • Most popular
  • Libraries

Log in to your account

Log in with GOOGLE


If you do not have an external account, but do have a local account, you can still log in:

  1. Home
  2. MARC view: The luxe /
Normal view MARC view ISBD view

The luxe / (Record no. 10912)

[ view plain ]
MARC details
000 -LEADER
fixed length control field 01021cam a2200325 a 4500
001 - CONTROL NUMBER
control field 14877975
003 - CONTROL NUMBER IDENTIFIER
control field LC
005 - DATE AND TIME OF LATEST TRANSACTION
control field 20160322100339.0
008 - FIXED-LENGTH DATA ELEMENTS--GENERAL INFORMATION
fixed length control field 070604s2007 nyu d 000 1 eng
010 ## - LIBRARY OF CONGRESS CONTROL NUMBER
LC control number 2007020876
020 ## - INTERNATIONAL STANDARD BOOK NUMBER
International Standard Book Number 9780061345661
040 ## - CATALOGING SOURCE
Original cataloging agency DLC
Transcribing agency DLC
Modifying agency DLC
042 ## - AUTHENTICATION CODE
Authentication code lcac
050 00 - LIBRARY OF CONGRESS CALL NUMBER
Classification number PZ 7
Item number .G53888Lux 2007
082 00 - DEWEY DECIMAL CLASSIFICATION NUMBER
Classification number FIC
Item number G54l 2007
100 1# - MAIN ENTRY--PERSONAL NAME
Personal name Godbersen, Anna.
9 (RLIN) 18155
245 14 - TITLE STATEMENT
Title The luxe /
Statement of responsibility, etc Anna Godbersen.
250 ## - EDITION STATEMENT
Edition statement 1st ed.
260 ## - PUBLICATION, DISTRIBUTION, ETC. (IMPRINT)
Place of publication, distribution, etc New York, NY :
Name of publisher, distributor, etc HarperCollins Publishers,
Date of publication, distribution, etc c2007.
300 ## - PHYSICAL DESCRIPTION
Extent 433 p. ;
Dimensions 22 cm.
650 #1 - SUBJECT ADDED ENTRY--TOPICAL TERM
Topical term or geographic name as entry element Conduct of life
Form subdivision Fiction.
9 (RLIN) 18156
650 #1 - SUBJECT ADDED ENTRY--TOPICAL TERM
Topical term or geographic name as entry element Social classes
Form subdivision Fiction.
9 (RLIN) 18157
650 #1 - SUBJECT ADDED ENTRY--TOPICAL TERM
Topical term or geographic name as entry element Wealth
Form subdivision Fiction.
9 (RLIN) 18158
650 #1 - SUBJECT ADDED ENTRY--TOPICAL TERM
Topical term or geographic name as entry element Love
Form subdivision Fiction.
9 (RLIN) 18159
651 #1 - SUBJECT ADDED ENTRY--GEOGRAPHIC NAME
Geographic name New York (N.Y.)
General subdivision History
Chronological subdivision 1898-1951
Form subdivision Fiction.
9 (RLIN) 18160
906 ## - LOCAL DATA ELEMENT F, LDF (RLIN)
a 7
b cbc
c orignew
d 1
e ecip
f 20
g y-gencatlg
942 ## - ADDED ENTRY ELEMENTS (KOHA)
Source of classification or shelving scheme Library of Congress Classification
Koha item type Books
Holdings
Withdrawn status Lost status Source of classification or shelving scheme Damaged status Home library Current library Shelving location Date acquired Total Checkouts Full call number Barcode Date last seen Date checked out Copy number Price effective from Koha item type
    Library of Congress Classification   Luxembourg Library Luxembourg Library Fiction Section 09/11/2013 3 PZ 7 .G53888Lux 2007 15974 10/03/2018 10/01/2018 1 09/11/2013 Books

The luxe /

APA

Godbersen A., . (2007). The luxe. New York, NY: HarperCollins Publishers.

Chicago

Godbersen Anna, . 2007. The luxe. New York, NY: HarperCollins Publishers.

Harvard

Godbersen A., . (2007). The luxe. New York, NY: HarperCollins Publishers.

MLA

Godbersen Anna, . The luxe. New York, NY: HarperCollins Publishers. 2007.

  • Place hold
  • Print
  • Cite
  • Add to your cart (remove)
  • Save record
    BIBTEX Dublin Core MARCXML MARC (non-Unicode/MARC-8) MARC (Unicode/UTF-8) MARC (Unicode/UTF-8, Standard) MODS (XML) RIS
  • More searches
    Search for this title in:
    Other Libraries (WorldCat) Other Databases (Google Scholar) Online Stores (Bookfinder.com) Open Library (openlibrary.org)

Exporting to Dublin Core...

SOUTHVILLE LIBRARY

Southville International School and Colleges Library

1281 Tropical Ave. Cor. Luxembourg St., BF Homes International, Las Pinas City

Tel. No. 8256374 / 252358 Loc. 117/146

Powered by Koha